Tendances de I'architecture moderne

Bibliographic Details
Main Author: Joedicke, Jurgen
Format: Section = Libro
Language:Undetermined
Spanish
Published: Paris Eyrolles 1969
Subjects:
LEADER 00432nam a2200169Ia 4500
008 240829s9999 xx 000 0 und d
040 |a BIBLIOTECA-RUSB/ 720.904 J64 
041 |a spa 
082 |a 720.904 J64 
100 1 |a Joedicke, Jurgen 
245 1 0 |a Tendances de I'architecture moderne 
260 |a Paris  |b Eyrolles  |c 1969 
300 |a 178 p. :il. 
650 7 |a ARQUITECTURA INNOVACIONES 
942 |c BK  |2 ddc 
991 |a TEXTO 
999 |c 5071